The political doctrine of Montesquieu's Esprit des lois : its classical background /

Bibliographic Details
Main Author: Levin, Lawrence Meyer, 1898-1968
Format: Thesis Book
Language:English
Published: New York : Columbia university, [1936]
Series:Publications of the Institute of French Studies, Inc.
Subjects:

MARC

Tag First Indicator Second Indicator Subfields
LEADER 00000cam a2200000 4500
001 in00000065562
005 20151007083449.0
008 711126s1936 nyu b 00000 eng u
010 |a  37002330  
035 |a (OCoLC)00175445 
035 |9 AAF9403AM 
040 |c KSU  |d TXA  |d UtOrBLW 
049 |a TXAM  |c 1 [191351] 
050 0 |a JC179.M8  |b L45 1936a 
092 |a 320.1  |b L665p 
100 1 |a Levin, Lawrence Meyer,  |d 1898-1968. 
245 1 4 |a The political doctrine of Montesquieu's Esprit des lois :  |b its classical background /  |c by Lawrence Meyer Levin ... 
264 1 |a New York :  |b Columbia university,  |c [1936] 
264 4 |c [©1936] 
300 |a 359 pages ;  |c 25 cm. 
336 |a text  |b txt  |2 rdacontent 
337 |a unmediated  |b n  |2 rdamedia 
338 |a volume  |b nc  |2 rdacarrier 
490 1 |a Publications of the Institute of French studies, inc 
502 |a Issued also as thesis (Ph.D.) Columbia university. 
504 |a Bibliography: pages 331-359. 
600 1 0 |a Montesquieu, Charles de Secondat,  |c baron de,  |d 1689-1755.  |t De l'esprit des lois. 
650 0 |a Political science. 
830 0 |a Publications of the Institute of French Studies, Inc. 
999 |a MARS 
999 f f |s 35efb562-f578-3bd5-a18c-cb0199db7126  |i ba7bc09f-80df-344e-8ffe-f32fc7765a10  |t 0 
952 f f |p ric  |a Texas A&M University  |b Rellis Campus  |c Joint Library Facility  |d Remote Storage  |t 0  |e JC179.M8 L45 1936a  |h Library of Congress classification  |i unmediated -- volume  |m A14800657480 
998 f f |a JC179.M8 L45 1936a  |t 0  |l Remote Storage